000 00342 a2200109 4500
001 ART_18753
005 20260410161920.0
008 260409a
245 1 0 _aEfectos de la inflación sobre los sistemas tributarios
100 1 _aCosciani, Cesare
773 0 _tLa información
_g- Tomo XXXVII, Nº 579 (mar. 1978)
_wREV14902
999 _c27599
_d27599